000 01267 a2200241 4500
001 39472
005 20260407155653.0
008 260407a1988 arg spa d
003 AR-UNSa-BCEJYS
040 _aAR-UNSa-BCEJYS
_bspa
_cAR-UNSa-BCEJYS
080 _a659
_xPublicidad y propaganda. Información Relaciones públicas
245 1 0 _aTeoría y problemas de resultados
020 _a968-451-019-5
264 1 _aMéxico :
_bMcGraw-Hill
_c1988
300 _a181 p.
_c27 cm.
505 _a1. Por que hacer publicidad? - 2. Organización de la publicidad - 3. Publicidad impresa - 4. Radio y televisión - 5. Publicidad exterior, publicidad movil y publicidad en punto de venta - 6. Publicidad por correo directo - 7.Comportamiento del consumidor y motivación - 8. Como encontrar y utilizar un atractivo publicitario - 9. El texto publicitario - 10. Arte publicitario, bocetos y tipografía - 11. Impresión y producción - 12. Cómo se crea una campaña - 13. Como se prepara y se controla un presupuesto publicitario - 14. Investigación publicitaria.
942 _cBK
590 _aniveau_biblio:m niveau_hierar:0
100 1 _aHoltje, Herbert F.
700 1 _aSabogal Sabogal, Narciso
700 1 _aVillamizar, Jesús
700 1 _aPalacio Lerma, Anibal
999 _c3050
_d3050